Hoạch định chiến lược phát triển và quảng bá thương hiệu Mobifone tại Đồng bằng sông Cửu Long : Luận văn Thạc sĩ Kinh tế. Chuyên ngành Quản trị kinh doanh
Đề tài đánh giá thực trạng hoạt động phát triển và quảng bá thương hiệu của MobiFone, đo lường mức độ nhận biết và cảm nhận về định vị thương hiệu. Đề xuất một số giải pháp phát triển và quảng bá thương hiệu MobiFone tại thị trườn...
Đã lưu trong:
| 主要作者: | |
|---|---|
| 格式: | 图书 |
| 语言: | Undetermined |
| 出版: |
Cần Thơ
Trường Đại học Cần Thơ
2015
|
| 主题: | |
| 标签: |
添加标签
没有标签, 成为第一个标记此记录!
|
| Thư viện lưu trữ: | Trung tâm Học liệu Trường Đại học Cần Thơ |
|---|
| LEADER | 01264nam a2200217Ia 4500 | ||
|---|---|---|---|
| 001 | CTU_201156 | ||
| 008 | 210402s9999 xx 000 0 und d | ||
| 082 | |a 658.4012 | ||
| 082 | |b Nh121 | ||
| 088 | |a 60340102 | ||
| 100 | |a Phan, Tấn Nhân | ||
| 245 | 0 | |a Hoạch định chiến lược phát triển và quảng bá thương hiệu Mobifone tại Đồng bằng sông Cửu Long : | |
| 245 | 0 | |b Luận văn Thạc sĩ Kinh tế. Chuyên ngành Quản trị kinh doanh | |
| 245 | 0 | |c Phan Tấn Nhân ; Lưu Thanh Đức Hải (Cán bộ hướng dẫn) | |
| 260 | |a Cần Thơ | ||
| 260 | |b Trường Đại học Cần Thơ | ||
| 260 | |c 2015 | ||
| 520 | |a Đề tài đánh giá thực trạng hoạt động phát triển và quảng bá thương hiệu của MobiFone, đo lường mức độ nhận biết và cảm nhận về định vị thương hiệu. Đề xuất một số giải pháp phát triển và quảng bá thương hiệu MobiFone tại thị trường ĐBSCL. | ||
| 650 | |a Strategic planning,Hoạch định chiến lược | ||
| 910 | |a Khoa,Hải | ||
| 980 | |a Trung tâm Học liệu Trường Đại học Cần Thơ | ||